Online
Catalog

La estabilidad del hemisferio occidental : (Record no. 36647)

MARC details
000 -CABECERA
campo de control de longitud fija 00553nam a2200157 a 4500
001 - NÚMERO DE CONTROL
campo de control 000037157
005 - FECHA Y HORA DE LA ÚLTIMA TRANSACCIÓN
campo de control 20200930080157.0
008 - DATOS DE LONGITUD FIJA--INFORMACIÓN GENERAL
campo de control de longitud fija 120220s1983 mx 000 0 spa d
040 ## - FUENTE DE LA CATALOGACIÓN
Centro catalogador/agencia de origen DO-SdBNP
Lengua de catalogación spa
Centro/agencia transcriptor BNPHU
245 03 - MENCIÓN DE TÍTULO
Título La estabilidad del hemisferio occidental :
Resto del título el enlace latinoamericano /
Mención de responsabilidad, etc. Editores R. Daniel Mcmichael, John D. Paulus.
260 ## - PUBLICACIÓN, DISTRIBUCIÓN, ETC.
Lugar de publicación, distribución, etc. México :
Nombre del editor, distribuidor, etc. Noema Editores,
Fecha de publicación, distribución, etc. 1983.
300 ## - DESCRIPCIÓN FÍSICA
Extensión 208 p. ;
Dimensiones 22 cm.
500 ## - NOTA GENERAL
Nota general Traducido del idioma inglés
700 1# - PUNTO DE ACCESO ADICIONAL--NOMBRE DE PERSONA
Nombre de persona Mcmichael, R. Daniel,
Término indicativo de función/relación ed.
9 (RLIN) 63560
700 1# - PUNTO DE ACCESO ADICIONAL--NOMBRE DE PERSONA
Nombre de persona Paulus John D.,
Término indicativo de función/relación ed.
9 (RLIN) 63561
Holdings
Estado de retiro Estado de pérdida Restricciones de uso No para préstamo Código de colección Localización permanente Ubicación/localización actual Ubicación en estantería Fecha de adquisición Número de inventario Total de préstamos Signatura topográfica completa Código de barras Fecha visto por última vez Precio válido a partir de Tipo de ítem Koha
        Monografías: Libros y Folletos General General Orden iniciada 20.02.2012 LF1   37157-10 25.06.2020 25.06.2020 No se presta

Powered by Koha